000 01161nam a2200277Ia 4500
003 PE SENCICO BE
005 20260304135712.0
008 200515s9999 xx 000 0 und d
020 _a978-84-92774-23-4
040 _aPE SENCICO BE
_cPE SENCICO BE
041 _aspa
082 _a720.47
_bT95
100 1 _aTurégano Romero, José Antonio
_9215
_eautor
245 1 0 _aArquitectura bioclimática y urbanismo sostenible /
_cJosé Antonio Turégano Romero, Amaya Martinez Gracia, …[y otros]
250 _a1a ed.
260 _a[España] :
_bPrensa Universitaria de Zaragoza ;
_c2009
300 _avolúmenes :
_bilustraciones, cuadros, diagramas ;
_c22 cm.
505 0 _aVolumen 1: Clima, microclima y confort -- Simulación energética de edificios -- Volumen 2: Bioconstrucción, materiales sanos y sostenibles -- Urbanismo sostenible
520 3 _aMuestra la problemática energética y sus alternativas
650 1 0 _aArquitectura bioclimática
_9450
650 2 0 _aUrbanismo
_9547
650 2 0 _aPlanificación urbana
_9500
650 2 0 _aDesarrollo urbano
_9548
700 1 _aVelásco Callau, María del Carmen
_9216
_eautor
942 _cLIB
_2ddc
999 _c3591
_d3591